000 00584nam a22001697a 4500
003 OSt
005 20260223120502.0
008 260223b |||||||| |||| 00| 0 eng d
040 _cMRSPTU
041 _aEnglish
100 _aVed Parkash Goyal, Supervisor: Gurprit Singh Bath
245 _aStrength Characteristics of Concrete by Partial Replacement of Fine Aggregates with Aluminium Scrap Powder
260 _bDepartment of Civil Engg, MRSPTU, Bathinda
_c2017
650 _aCivil Engineering
856 _uhttp://163.47.215.52:8080/jspui/handle/123456789/164
942 _2ddc
_cTH
_n0
999 _c10983
_d10983